La conquista del desierto /
Guardado en:
| Formato: | |
|---|---|
| Series: | Argentina. Una historia
|
| Materias: | |
| Etiquetas: |
Agregar Etiqueta
Sin Etiquetas, Sea el primero en etiquetar este registro!
|
| LEADER | 01073ngm a22002895g 4500 | ||
|---|---|---|---|
| 001 | CEM.cems022869 | ||
| 008 | 130507b2008##################0###0#####d | ||
| 005 | 20241125155648.0 | ||
| 245 | 0 | 0 | |a La conquista del desierto / |
| 300 | |a 26'. | ||
| 490 | 0 | |a Argentina. Una historia | |
| 500 | |a En soporte VHS, consultar en ventanilla. | ||
| 505 | 0 | |a Ocupación de los territorios indígenas. Excursión a los Ranqueles. Alsina y su intento de incluir a los indígenas a la civilización. Roca y su ofensiva. Tropas al Valle del Río Negro. Destino de los prisioneros. El exterminio. | |
| 538 | |a Soporte: VHS - Norma: Pal N - Color: Si - Grabación DRD 2008 - Hitachi=0000 | ||
| 082 | 9 | 8 | |/ ONQ |
| 653 | |a HISTORIA | ||
| 653 | |a HISTORIA ARGENTINA | ||
| 653 | |a DESIERTO | ||
| 653 | |a CONQUISTA DEL DESIERTO | ||
| 653 | |a ALSINA | ||
| 653 | |a ROCA | ||
| 653 | |a RANQUELES | ||
| 653 | |a CONQUISTA Y EXTERMINIO | ||
| 653 | |a INDIGENAS | ||
| 653 | |a NIVEL PRIMARIO | ||
| 653 | |a NIVEL SECUNDARIO | ||
| 859 | |a CEMS |b BIB. CEMS - Depto. Recursos Didacticos |h 982 |i ONQ |k DRD |p 1512.12 |t Ej.1 | ||
